000 00294nam a2200133Ia 4500
100 _aHummphery/Watts S
942 _cBK
654 _acomputer
245 _aDiscipline for Software Enggineering
260 _bAddison Wesly
_aNONE
_c1995
300 _a789
546 _aENGLISH
999 _c26760
_d26760